000 02436cam a22002174a 4500
005 20250605163947.0
008 250528s ||||||||||||||||||||||||d
035 _a15229
020 _a133158535
040 _aGR-AtMCL
_bgre
_dGR-AtMCL
_eAACR2
245 1 _aFinancial Management and Policy / Sixth Edition
250 _a6th
260 _bPrentice Hall,
_c1983
300 _a750
505 0 _aPreface, Foundations of Finance, Goals and Functions of Finance, Concepts in Valuation, Valuation of a Firm's Stock, Valuation from a Relative Standpoint, Investment in Assets and Required Returns, Principles of Capital Investment, Other Dimensions to Capital Budgeting, Evaluation of Risky Investments: Required Returns for Projects, Required Returns for Companies and Divisions and Acquisitions, Financing and Dividend Policies, Theory of Capital Structure, Making Capital Structure Decisions, Dividend-Payout Ratio and Valuation, Other Aspects of Dividend Policy, Management of Liquidity and Current Assets, Management of Cash and Marketable Securities, Short- and Intermediate- Term Finance, Secured Loans and Term Financing, Lease Financing, Long-Term Financing, Issuing Securities, Expansion and Contraction, Corporate Restructuring, Financial Distress, Tools of Financial Analysis and Control, Financial Ratio Analysis, Financial Planning, Appendix, Index.
520 _aPreface, Foundations of Finance, Goals and Functions of Finance, Concepts in Valuation, Valuation of a Firm's Stock, Valuation from a Relative Standpoint, Investment in Assets and Required Returns, Principles of Capital Investment, Other Dimensions to Capital Budgeting, Evaluation of Risky Investments: Required Returns for Projects, Required Returns for Companies and Divisions and Acquisitions, Financing and Dividend Policies, Theory of Capital Structure, Making Capital Structure Decisions, Dividend-Payout Ratio and Valuation, Other Aspects of Dividend Policy, Management of Liquidity and Current Assets, Management of Cash and Marketable Securities, Short- and Intermediate- Term Finance, Secured Loans and Term Financing, Lease Financing, Long-Term Financing, Issuing Securities, Expansion and Contraction, Corporate Restructuring, Financial Distress, Tools of Financial Analysis and Control, Financial Ratio Analysis, Financial Planning, Appendix, Index.
700 1 _aVan Horne James C
_91116
942 _cBK
999 _c823
_d823